[Event "Bundesliga 0708"]
[Site "Germany"]
[Date "2008.03.09"]
[Round "11.3"]
[White "Postny, Evgeny"]
[Black "Fedorchuk, Sergey A"]
[Result "1-0"]
[WhiteElo "2598"]
[BlackElo "2652"]
[Annotator "Postny,E"]
[PlyCount "129"]
[EventDate "2007.10.20"]
[EventType "team-tourn"]
[EventRounds "15"]
[EventCountry "GER"]
[SourceTitle "CBM 123"]
[Source "ChessBase"]
[SourceDate "2008.04.02"]
[SourceVersion "1"]
[SourceVersionDate "2008.04.02"]
[SourceQuality "1"]
[WhiteTeam "Katernberg"]
[BlackTeam "Remagen"]
[WhiteTeamCountry "GER"]
[BlackTeamCountry "GER"]

1. d4 Nf6 2. c4 e6 3. g3 {A kind of psychological, speechless dialogue took
place: "What do you think about the Catalan?"} Bb4+ {"No, thanks!"} 4. Bd2 {
"Ok, then it is Bogo-Indian".} a5 5. Nf3 b6 {"I don't think so! I still prefer
the Queen's Indian. People say it is an extremely solid opening".} 6. Bg2 {
"Ok, I don't mind".} O-O 7. O-O Ba6 8. Ne5 (8. Qc2 {is a common alternative.})
8... Ra7 9. Bxb4 {This idea of opening the a-file is the only one that I could
recall at 10:00 in the morning. Actually, 9.Qc2 or 9.Bg5 are better attempts
to fight for an advantage.} (9. Qc2 d5 10. Rd1 c6 11. Bxb4 axb4 12. a3 Bxc4 13.
Nxc4 dxc4 14. Qxc4 c5 15. Nd2 bxa3 16. Rxa3 Rxa3 17. bxa3 cxd4 18. Nf3 Qd6 19.
Qxd4 Qxa3 20. Qxb6 Nd5 $11 {1/2-1/2 Dreev,A (2697)-Grischuk,A (2717)/Moscow
2006/EXT 2007 (25)}) (9. Bg5 Be7 10. Qc2 h6 11. Bf4 Qc8 12. Rd1 c5 13. d5 d6
14. Nc6 Nxc6 15. dxc6 d5 16. cxd5 exd5 17. Nc3 $14 {1/2-1/2 Gelfand,B (2723)
-Grischuk,A (2717)/Monte Carlo 2006/CBM 111 ext (43)}) 9... axb4 10. a3 Bc8 $6
{This move is passive. In this case, what did Black play 7...Ba6 for? I
suppose, not with the idea to move the bishop back to its initial square...} (
10... d6 11. axb4 dxe5 12. dxe5 Ng4 13. Qxd8 (13. b5 Nxe5 14. b3 Qe7 15. Qd4 f6
16. bxa6 Rd8 17. Qe3 Rxa6 18. Nc3 Rxa1 19. Rxa1 Nbc6 $11 {0-1 Hjartarson,J 
(2530)-Jussupow,A (2590)/Reykjavik 1985/MCD (40)}) 13... Rxd8 14. b5 Nxe5 15.
b3 Kf8 16. Nc3 Rd2 17. Rfd1 Rxd1+ 18. Nxd1 Ke7 19. f4 Ned7 20. b4 f5 21. Nc3
Kd6 22. e4 c5 23. bxa6 Rxa6 24. e5+ Ke7 $11 {1/2-1/2 Makarov,M (2513)-Lerner,K
(2575)/Bydgoszcz 2000/CBM 076 ext (28)}) 11. Nd3 bxa3 12. Nxa3 ({The recapture
by the rook was a bit more precise. After} 12. Rxa3 Rxa3 13. Nxa3 {White does
not have a pressure along the a-file anymore. However, Black's bishop is stuck
on c8 and can't be exchanged as it is in the game. White is considerably
better.}) 12... Bb7 13. Bxb7 Rxb7 14. Nb5 d5 {This way Black is trying to get
some space and also to put pressure on White's Pd4 On the other hand, this
move also creates some weaknesses in Black's camp. It was also possible to
play 14...d6, trying to get out of passivity step by step.} (14... d6 15. Ra8 (
15. Qc2 c6 16. Nc3 c5 17. Nb5 Nc6 18. e3 Qd7) 15... c6 16. Nc3 c5 17. e3 Qd7 {
In both cases Black is only slightly worse.}) 15. cxd5 Qxd5 16. Qa4 c6 (16...
c5 17. Nf4 Qc6 18. Rfc1 Nbd7 19. Qc4 $1 {[%cal Gb2b4] The idea of b2-b4 is
troublesome for Black.}) 17. Nc3 Qh5 (17... Qd6 18. e4 $6 (18. Rfd1 {with a
stable advantage.}) 18... b5 19. Qa8 Rc7 20. Qa5 Rcc8 21. e5 Qxd4 22. exf6 Qxd3
23. fxg7 Kxg7 24. Rfd1 {White has a strong initiative for the pawn though, I
don't think that he really needs to sacrifice material in order to achieve
progress.}) 18. Nf4 {Only this move appeared to be a novelty!} (18. Kg2 $6 {
This move is not tempting enough.} c5 19. dxc5 bxc5 20. Qc4 Nbd7 21. Ra5 Qg4
22. Ra4 Qh5 23. Ra5 Qg4 24. b3 Qxc4 25. bxc4 Rc8 26. Nb5 Ne8 {and Black
equalised gradually. 1/2-1/2 Ivkov,B-Romanishin,O/Novi Sad 1975/EXT 2001 (30)})
18... Qf5 19. Rfe1 $6 {An inaccuracy based on an oversight. I was going to
prepare the e2-e4 advance, and I thought that the reply that now follows was
not possible...} (19. Rfd1 {was more to the point. After} e5 (19... b5 20. Qa8
Rd7 21. e3 $16) 20. dxe5 Qxe5 {I would get the same position as in the game
but, with my turn to move...}) 19... e5 $1 20. dxe5 (20. e4 Nxe4 $1 21. Nxe4 $2
exf4 22. Nd6 $2 Qh3 $1 $15 {[%cal Gf4f3] I completely overlooked this move
while playing 19.Rfe1.}) 20... Qxe5 21. Red1 {Admitting the inaccuracy made on
19th move.} b5 22. Qd4 {I have nothing better than to exchange queens.} (22.
Qa8 Qc7 {[%cal Gb8d7] is not dangerous for Black. The queen on a8 is misplaced.
}) 22... Qe7 23. Qd6 Qxd6 (23... b4 $6 {would make Black's queenside pawns
more vulnerable.} 24. Na4 Qxd6 25. Rxd6 Ra7 26. b3 $16 {[%csl Rb4,Rc6][%cal
Gf4d3,Ga1c1]}) 24. Rxd6 Rd7 25. Rxd7 Nbxd7 26. Nd3 {White has definitely
spoiled part of his advantage. Still, he keeps on pressing. The rook will
penetrate along the a-file. Black will be on the defensive as his queenside
pawns must be taken care of.} Re8 27. Ra6 c5 {[%csl Re2][%cal Gb5b4]} (27...
Re6 $2 28. Nb4 c5 29. Rxe6 fxe6 30. Na6 b4 31. Na4 Ne4 32. f3 $18 {An extra
pawn will be enough for a win.}) (27... Rc8 {would have been possible. Black
is intending to bring his king towards the centre. His position is unpleasant
but, defendable.}) 28. Kf1 $1 {It is needed to protect the Pe2.} Rb8 29. Rc6 c4
30. Nb4 Kf8 31. Ra6 {[%csl Rb5][%cal Ga6a5]} ({After} 31. Rc7 g5 {I didn't see
how to make any progress.}) ({After} 31. f3 Ne8 32. Ra6 Rb7 33. Ra5 Nc7 {
White does not achieve much as well.}) 31... Nc5 $6 {Sergey Fedorchuk is
striving for active counterplay but, it was objectively better to go for the
passive 31...Ne8 in order to protect the Pb5.} ({For instance, after} 31... Ne8
32. Nc6 Rb7 33. Ra5 Nc7 {White achieves nothing real and Black is threatening .
..b5-b4. Probably, I would play 32.f3 followed by 33.Kf2 trying to increase
the pressure step by step.}) 32. Ra5 Nfe4 33. Rxb5 $5 {I spent a lot of time
here and came to the conclusion that the resulting four knights endgame
promises me reasonable winning chances. I am still not sure if the decision
was objectively correct. Instead, I could keep an extra pawn.} (33. Nc6 Rc8 (
33... Nd2+ 34. Ke1 Ndb3 35. Rxb5 Rxb5 36. Nxb5 Na4 37. Kd1 Nxb2+ 38. Kc2 Na4
39. Na3 Nb6 40. Nxc4 Nxc4 41. Kxb3 {The knights endgame with four pawns
against three is won though, some good technique is required.}) 34. Na7 Ra8 35.
Ncxb5 {During the game I was a bit worried about placing my knights like this
but, it is temporary. White keeps a healthy extra pawn.} Nb3 36. Ra3 Rd8 37.
Nc6 Rd1+ 38. Kg2 {with good winning chances.}) 33... Rxb5 34. Nxb5 Na4 {
Black gets the pawn back. However, his Pc4 is a target and White's king will
be far more active compared to its counterpart.} 35. Ke1 Nxb2 36. f3 Nc5 37.
Kd2 Nba4 38. Nd5 $1 {Preventing the black king from coming into the game.} Nb3+
39. Kc2 {Basically, if White manages to capture the Pc4, his position will be
winning. Meanwhile, Black needs to exchange as many pawns as possible on the
kingside.} h5 $1 40. Ne3 ({Another option was} 40. Na3 Nd4+ 41. Kd2 Nb3+ 42.
Kd1 $1 Na5 43. Kc2 $16) 40... Nb6 41. h3 $1 {Moving the pawn out of a possible
fork on f1.} (41. Nxc4 $2 Nxc4 42. Kxb3 Ne3 $1 {[%csl Rg3,Rh2][%cal Ge3f1]} 43.
h3 f5 $11 {followed by ...Ne3-f1 exchanging almost all the pawns.}) 41... g5 $6
{I don't like this move as it weakens the f5-square. Instead, Black should try
to bring his king into play.} (41... Ke7 $142) 42. g4 {Now I am threatening to
take on c4.} Nc5 $5 {An interesting practical chance. The knight is quickly
heading to the kingside to attack White's pawns.} (42... h4 43. Nxc4 Nxc4 44.
Kxb3 $18 {Black can't capture the Ph3 in view of} Ne3 45. Kc3 Nd5+ 46. Kd2 Nf4
47. e3 Nxh3 48. Ke2 {[%csl Rh3] trapping the knight.}) ({Also after} 42... hxg4
43. hxg4 Nc5 44. Kc3 {[%csl Rc4] Black would face an uphill defensive task.})
43. gxh5 Ne6 44. Nf5 $2 {Unbelievable but, this is the wrong square for the
knight!} (44. Nd6 $1 Nf4 45. h6 Kg8 46. Ng4 {[%cal Gg4f6]} Nd7 47. e4 Nxh3 48.
Kc3 {This endgame seems to be won for White.}) 44... Nd7 $2 {Returning the
favour.} (44... Nf4 45. h6 (45. Ng3 $1 Nxh3 46. Nd6 Nf4 47. Nde4 {still
keeping some winning chances.}) 45... Kg8 46. Nbd6 Nxe2 47. Nxf7 {[%tqu "En",
"Can Black save the game?","","","e2d4","This is the point!",5]} Nd4+ $1 {
This is the point!} 48. Nxd4 Kxf7 $11) 45. h6 Kg8 46. Nbd6 {[%csl Rc4,Rf7]} Ne5
47. Ne4 Nf4 48. Nf6+ Kh8 {Forced.} (48... Kf8 49. e3 Nxh3 {[%tqu "En","Find
the final blow.","","","f6d7","",5]} 50. Nd7+ $1 Nxd7 51. h7 $18) 49. e3 Ng2 (
49... Nxh3 50. Nd6 {Black's king is in the mating net. Black can't move his
knight from h3 due to f3-f4 followed by mate on f7. Zugzwang!} c3 51. Kb3 $1
$18) 50. Kc3 Nh4 51. Nxh4 gxh4 52. f4 Nf3 {White is winning but, has to be
careful, some stalemate ideas are in the air. Somewhere at this point the
score in the match became 4-3 in favour of our opponents so, this game became
rather important for the final outcome of the match...} 53. Ne4 $2 {Black was
actually joking, there is no stalemate but, I took it seriously!} (53. Kxc4 $1
Ng5 54. Kd3 Nxh3 55. Ke2 Nxf4+ 56. exf4 h3 57. Ng4 $18) 53... Ng1 54. Nf2 Kh7
55. Kxc4 Kxh6 56. Kd3 f5 $2 {This move weakens the f5 square which is very
important.} ({After} 56... Kg6 {White would have serious difficulties to win
this endgame. White can't trap the knight on g1.}) 57. Kd2 Kg6 58. Nd3 $1 Kh5 (
58... Nxh3 59. Ke2 Kh5 60. Ne5 Nxf4+ 61. exf4 h3 62. Kf3 Kh4 63. Nd3 h2 64. Nf2
$18) 59. Ne5 {Now it is all over. Black's king is restricted and the knight is
trapped.} Nxh3 60. Ke2 {[%csl Rh3]} Ng5 61. fxg5 Kxg5 62. Kf3 Kf6 63. Kf4 h3
64. Nf3 Ke6 65. Ng5+ 1-0

[Event "Rohde op 10th"]
[Site "Sautron"]
[Date "2010.10.25"]
[Round "3"]
[White "Pap, Gyula"]
[Black "Pogorelov, Ruslan"]
[Result "1-0"]
[WhiteElo "2519"]
[BlackElo "2447"]
[Annotator "Primel,D"]
[PlyCount "70"]
[EventDate "2010.10.23"]
[EventType "swiss"]
[EventRounds "9"]
[EventCountry "FRA"]
[SourceTitle "EXT 2012"]
[Source "ChessBase"]
[SourceDate "2011.11.24"]
[SourceVersion "1"]
[SourceVersionDate "2011.11.24"]
[SourceQuality "1"]

1. d4 Nf6 2. c4 e6 3. Nf3 b6 4. g3 Ba6 (4... Bb7) 5. b3 Bb4+ (5... b5 $5 {
la ligne proposée par A. GREET dans sa récente monographie "play the Queen's
Indian"}) (5... Bb7 $5 6. Bg2 Bb4+ 7. Bd2 a5 {Anand,V (2770)-Adams,M (2670)
Madrid Magistral 7th 1998 (1) 1-0}) 6. Bd2 Be7 7. Bg2 d5 (7... c6 {[%cal Gd7d5]
La grande ligne et la variante 7. d5 est plus risquée}) 8. cxd5 exd5 (8... Nxd5
9. Nc3 {[%cal Gg2a8]} Nd7 10. Nxd5 exd5 11. O-O O-O 12. Rc1 $14) 9. Nc3 O-O 10.
O-O Bb7 (10... Re8 $5 {[%csl Ge4]}) 11. Qc2 {[%cal Ge2e4,Gf3e5]} (11. Rc1)
11... c5 {Trés rarement joué aussi tôt mais après 12. Na6, c'est probablement
une simple transposition de coups} ({RR} 11... Na6 12. Rfd1 Re8 (12... c5 {
Transpose dans la partie}) 13. Bf4 ({RR} 13. Bc1 Bf8 14. Bb2 Qe7 15. e3 Rad8
16. a3 c5 17. dxc5 bxc5 18. Nh4 Qe6 19. Ne2 Ne4 20. Nf4 Qb6 21. b4 cxb4 22. Bd4
b3 23. Qb2 Nac5 24. Rab1 Bc8 25. Bxc5 Nxc5 26. Nxd5 Qh6 27. Rd4 Bd6 {
Komljenovic,D (2470)-Pogorelov,R (2415)/Las Palmas 1994/EXT 2003/0-1 (68)})
13... Qd7 14. a3 h6 15. b4 c6 16. Ne5 Qe6 17. b5 cxb5 18. Nxb5 Rec8 19. Qb3 Ne4
20. Rac1 Bf8 21. Rxc8 Rxc8 22. Bxe4 dxe4 23. d5 Qf5 24. Nxa7 Ra8 25. Qxb6 Bc5
26. Qxb7 {Van Wely,L (2675)-Spraggett,K (2577)/Villarrobledo 2006/CBM 113 ext/
1-0 (34)}) 12. Rfd1 {[%csl Rd5]} Na6 {[%cal Ga6c5]} 13. Rac1 (13. Bg5 h6 14.
Bxf6 Bxf6 15. Rac1 Qe7 $132 {Ljubojevic,L (2590)-Vaganian,R (2585) Reggio
Emilia Top15 33rd 1991 1/2}) (13. Bf4 Qc8 14. Be5 {[%csl Rd5][%cal Ge5f6,Gc3d5]
} Rd8 15. Rac1 $14 {Kasparov,G (2715)-Karpov,A (2705) World Championship
31th-KK1 1984 (4) 1/2}) 13... Qc8 $146 {[%cal Gc8b7]} ({RR} 13... Ne4 14. Be3
cxd4 15. Nxd4 Ba3 16. Bxe4 dxe4 17. Ndb5 Qe7 18. Nxa3 Qxa3 19. Nb5 Qe7 20. Nd6
Rad8 21. Nxb7 Rxd1+ 22. Qxd1 Qxb7 23. Qc2 h6 24. Qc4 Rd8 25. b4 Kh8 26. b5 Nc5
27. Bxc5 bxc5 28. Qxc5 {Okamura,M (2189)-Cunha,E (2257)/Rio de Janeiro 2007/
EXT 2008/1-0 (41)}) (13... Re8 $5 {[%csl Ge4]} 14. Bf4 $14) (13... Rc8 $143 14.
Bh3 $1 $16) 14. Qb1 $1 $16 {[%cal Gc1c8] les pièces Blanches sont nettement
plus actives mais il reste а trouver une bonne case pour le Bd2} h6 $2 {
[%csl Rf5,Rg6] Un coup naturel pour empêcher Bg5 mais l'affaiblissement des
cases blanches n'est pas négligeable} (14... Re8 15. Bg5 (15. Bf4)) 15. Nh4 $1
{[%csl Gf5] Profitant de l'affaiblissement "h6"} Rd8 16. dxc5 $1 (16. Nf5 Bf8
17. Bf4 Qe6 18. Bh3 $1 $36 {[%cal Gf5h6,Gh3e6]}) 16... bxc5 {[%csl Rc5,Rd5]
Pour profiter du dynamisme des P pendants, il faut avoir des pièces actives ce
qui n'est pas le cas de l'ukrainien dans cette position} 17. Qf5 $1 {Un fort
coup multifonction qui menace d'échanger les Q dans l'intérêt des Blancs tout
en accentuant la pression sur le P"d5"} Qe6 (17... Bc6 $142 18. Qxc8 Raxc8 19.
Bh3 Bd7 20. Bxd7 Rxd7 21. Na4 c4 22. Nf5 Ba3 $1 $132 {Les pièces noires
commencent а jouer}) 18. Ng6 $1 {Une jolie petite combinaison exploitant de
manière magistrale l'affaiblissement "h6"} Bf8 19. Qxe6 fxe6 20. Be3 $1 {
[%csl Ra6,Rb7][%cal Gg2b7,Gg6f4,Gf4e6]} Bc6 21. Bf4 Be8 (21... Rac8 22. Bh3 Kf7
23. Ne5+ $40) 22. Nxf8 {Gagne non seulement la paire de B mais le Be8 n'est
pas trés bon} Kxf8 23. h3 $5 {[%cal Gg3g4] Les Blancs peuvent se payer le luxe
de jouer sur tous les fronts} (23. Bh3 Kf7) 23... Rac8 24. g4 Nb4 {le N rejoue
enfin} 25. Rd2 (25. Be5 $5 {[%cal Ge5f6]}) (25. a3 Nc6 26. Rd2 (26. Kf1 Na5 {
[%csl Rb3]} 27. Rb1 Bg6 $132) (26. Na4 Nd4 {[%cal Gd4e2]}) 26... Na5 27. Rb2 c4
$132) 25... d4 $2 $138 {La difficulté dans le maniement des P pendants est de
bien calculer les conséquences de l'avancée des P car sinon le facteur
"statique" prend le dessus sur celui du "dynamisme"} (25... c4 $142 $5 $13 {
[%cal Gd5d4] Semblait plus logique pour essayer d'exploiter la majorité} 26. a3
Nc6 27. bxc4 Na5 $1 {[%cal Ga5b3,Ga5c4]}) 26. Ne4 {[%csl Rc5] force un nouvel
échange et la finale est trés mauvaise pour les Noirs qui vont avoir du mal а
défendre la faiblesse "c5"} Nxe4 27. Bxe4 Nd5 28. Be5 Rc6 $6 (28... Bb5 {
[%cal Gb5e2,Gf8f7]}) 29. e3 $1 {[%cal Gd2d8]} dxe3 30. fxe3 Rd7 31. Rf2+ Kg8
32. Rcf1 $40 {[%csl Rf8]} Rf7 33. Bh7+ $1 Kf8 34. Bg6 {Belle démonstration
technique du jeune hongrois} Rxf2 35. Rxf2+ Ke7 1-0

[Event "Rohde op 07th"]
[Site "Sautron"]
[Date "2007.10.29"]
[Round "4"]
[White "Maze, Sebastien"]
[Black "Vavrak, Peter"]
[Result "1-0"]
[WhiteElo "2576"]
[BlackElo "2454"]
[Annotator "Primel,D"]
[PlyCount "57"]
[EventDate "2007.10.27"]
[EventType "swiss"]
[EventRounds "9"]
[EventCountry "FRA"]
[SourceTitle "EXT 2008"]
[Source "ChessBase"]
[SourceDate "2007.11.25"]
[SourceVersion "1"]
[SourceVersionDate "2007.11.25"]
[SourceQuality "1"]

1. d4 Nf6 2. c4 e6 3. Nf3 b6 4. g3 Ba6 5. b3 (5. Qa4 Bb7 {Das,A (2367)-Vavrak,
P (2454) Rohde op 7th 2007 (6.7) 1/2}) (5. Nbd2) (5. Qc2 {la dernière mode а
haut niveau} Bb7 (5... c5) 6. Bg2 c5 7. d5 $1 {La ligne critique} exd5 8. cxd5
{La théorie sur sur cette variante n'a pas donné d'avis définitif sur le
meilleur coup entre la reprise du B ou N mais je préfère celle du N} Nxd5 (8...
Bxd5 9. Nc3 Bc6 10. e4 $44) 9. O-O Be7 (9... Nb4 10. Qb3 d5 {[%csl Gc5,Gd5];
Marzolo,C (2483)-Bruned,B (2211) Le Touquet op (9) 1/2}) (9... Nc7 $1 {Peu de
parties ont été jouées avec Nc7 mais c'est peut-être une ligne solide
sous-estimée et en 2007 quelques joueurs commencent а s'intéresser а cette
variante.} 10. e4 {[%csl Rd4]} (10. Nc3 Nc6 11. Rd1 Be7 12. Ne5 {[%cal Gg2b7]}
Qc8 {Pashikian,A (2532)-Van Wely,L (2683) EU-ch 8th Dresden (4) 1/2}) (10. Rd1
Be7 11. Nc3 a6 12. Ne4 {[%cal Ge4d6]} d5 13. Nh4 $6 Bxh4 $15 {Khmelniker,I 
(2411)-Sulskis,S (2525) EU-ch 8th Dresden (7) 1/2}) (10. Qf5 $6 d5 $132 {
Luechtemeier,P (2270)-Butnorius,A (2402) EU-ch 8th Dresden (9) 0-1}) 10... Be7
11. Nc3 O-O 12. Rd1 Nc6 13. Be3 (13. a3 Ne6 $1 {[%csl Gd4][%cal Ge6d4]} 14. Be3
Bf6 $1 {[%cal Gf6d4,Ge6d4,Gc6d4,Gc5d4]} 15. e5 Nxe5 16. Nxe5 Bxg2 17. Nxd7 {
[%cal Gd7f8]} Bf3 $1 {[%cal Gf3d1]} 18. Nxf8 Qxf8 19. Rd2 Rd8 $1 {La paire de
B et l'affaiblissement du roque des blancs donnent assez de compensations} (
19... Re8 $143 20. Nd5) 20. Rd3 {[%cal Gc2d2]} (20. Rxd8 Qxd8 21. Qd2 Qa8 $132
{[%csl Gf3,Rg2]}) 20... Qe7 21. Qd2 Rxd3 22. Qxd3 Qb7 $36 {[%csl Rg2]}) 13...
Bf6 {Tregubov,P (2594)-Sargissian,G (2667) Mainz Ordix op 13th (11) 1/2} (13...
Nb4 $1 $146 {[%cal Gb4c2,Gd7d5,Gb4d5] Une nouveauté théorique que j'ai trouvé
en analysant une partie de N2} 14. Qd2 {Le coup le plus naturel car les autres
alternatives ne semblent pas donner l'avantage aux blancs mais la Qd2 serait
mieux placée derrière la R et l'idée des noirs est d'en profiter. Il faut
d'ailleurs noter que toutes les parties jouées en 2007 avec Nc7 retardent la
poussée "e4" de manière а éviter d'avoir une case faible en "d4" exploitable
par Ne6 et Nc6} (14. Qb3 $5 b5 $1 {[%csl Rb3][%cal Gc5c4]} 15. Rd2 {[%cal
Ga1d1,Ga2a3,Gb3d1]} (15. a3 $4 c4) 15... c4 16. Qd1 Nd3 $36 {[%csl Gd3]}) (14.
Qb1 {[%csl Ra1][%cal Ga2a3]} Ne6 $1 (14... h6) (14... d6) 15. a3 Nc6 $11 {
[%csl Gd4]} 16. Nd5 Ba6 $132 {[%csl Ga6]}) (14. Qe2 Ba6 {[%cal Ga6e2]}) (14.
Qc1 $6 {[%csl Ra1,Rc1]}) 14... d5 $1 {Profitant de la position assez exposée
de la Qd2} 15. exd5 Nbxd5 16. Ne5 {[%cal Gg2b7]} Bf6 $1 17. Bf4 (17. Nxd5 Bxe5
(17... Bxd5) 18. Nxb6 Bxg2 19. Nxa8 Qxa8 (19... Qxd2) 20. f4 Bf3 21. fxe5 Bxd1
22. Rxd1 Ne6 $11 {[%csl Re5]}) 17... Nxf4 18. Qxf4 Qe7 19. Rd7 Bxe5)) 10. Rd1
Nb4 $5 $146 {[%cal Gb4c2,Gd7d5] C'est une nouveauté mais KARPOV reprend une
idée du brestois BRUNED jouée en 2006 au Touquet} (10... Qc8) (10... Nc6 11.
Qf5 $14) 11. Qb3 d5 $132 {[%csl Gc5,Gd5]} 12. a3 N4c6 13. Rxd5 {[%cal Gd5d8]}
Qc8 {Tkachiev,V (2661)-Karpov,A (2670) EU-ch Blitz Ajaccio (20) 0-1}) 5... Bb4+
6. Bd2 Be7 7. Bg2 c6 8. O-O d5 9. Qc2 (9. Ne5 {la ligne principale} Nfd7 10.
Nxd7 Nxd7 11. Bc3 O-O 12. Nd2 Rc8 (12... f5) (12... Nf6) (12... b5) (12... Rb8)
) 9... O-O 10. Bf4 ({RR} 10. Rd1 Qc8 11. Bf4 c5 12. dxc5 Bxc5 13. Nc3 Nc6 14.
cxd5 exd5 15. a3 d4 16. b4 dxc3 17. bxc5 Re8 18. e3 bxc5 19. Qxc3 Be2 20. Rdc1
Ne4 21. Qc2 Qa6 22. Ne1 f5 23. f3 Nf6 24. Qxc5 Rac8 {Piket,J (2632)-Ljubojevic,
L (2566)/Monte Carlo 2001/CBM 081 ext/1-0 (80)}) 10... Nh5 $146 {[%cal Gh5f4]
la variante normale est plutôt de jouer d'abord Nbd7 avant Nh5 de manière а
éviter la prise intermédiaire en b8 qui laisse le Nh5 а la bande et permet de
prendre l'initiaitive au centre par e2e4} ({RR} 10... Nbd7 {[%cal Gf6h5] Avec
la même idée Nh5 mais sans permettre Bb8} 11. Nbd2 (11. Rd1 Rc8 (11... Nh5))
11... Nh5 12. Be3 f5 13. cxd5 cxd5 14. Qc6 Kf7 15. h3 Qc8 16. Rac1 Qxc6 17.
Rxc6 Rfc8 18. Rfc1 Rxc6 19. Rxc6 Bxe2 20. Bf1 Bxf1 21. Kxf1 h6 22. Ne5+ Nxe5
23. dxe5 f4 24. Bxf4 Nxf4 25. gxf4 Bc5 26. Ke2 {Brondum,E (2320)-Kristiansen,J
(2365)/Copenhagen 1979/EXT 2000/1/2-1/2 (41)}) 11. Bxb8 $1 Rxb8 12. e4 $14 {
[%csl Ge4,Rh5]} dxc4 (12... dxe4 $142 13. Qxe4 Nf6 14. Qf4 {[%cal Gb1c3]} (14.
Qc2 Qc7 15. Nc3 Rfd8 16. Rad1 b5 $5) 14... Bd6 15. Ne5 c5 16. dxc5 bxc5 17. Qe3
) 13. Rd1 cxb3 $6 14. axb3 {[%csl Ra6][%cal Ga1a7]} Qc8 15. Ne5 $40 {[%csl Rc8]
[%cal Ge5c6,Gg2c6,Gd4d5] Il est difficile pour les noirs de s'accrocher au P
de plus} (15. Nc3 Ra8 {[%cal Ga8a7]}) 15... Bb7 (15... c5 16. d5 $1 exd5 17.
exd5 Bd6 18. Nc4 Bxc4 19. bxc4 a6 20. Nc3 {[%cal Gc3e4,Ge4d6]} Nf6 21. Rdb1 {
[%csl Rb5]} (21. Qa4 Be5)) 16. Rxa7 $36 {[%csl Ga7] Les noirs ont une position
trés passive} Nf6 17. Nc3 $16 {[%csl Gd4,Ge4]} Nd7 (17... Rd8 18. f4 Ra8 19.
Rda1) 18. Nxd7 Qxd7 19. d5 Bf6 $2 (19... Ra8 20. dxe6 Qxd1+ $1 21. Qxd1 Rxa7
22. exf7+ Rxf7 23. e5) (19... b5) (19... e5 $142) 20. e5 $40 Bxe5 21. dxc6 Qc8
22. Nb5 Ba6 23. Nd6 (23. Qe2 $18) 23... Bxd6 24. Rxd6 Ra8 25. Rxa8 Qxa8 26. c7
Qa7 27. Be4 g6 28. Qc6 Be2 29. h4 1-0